00305nam a2200109Ia 4500003000400000008004100004040001600045082001800061100003700079245006300116490001600179GCL140319s9999 xx 000 0 ara d aGCL / cGCL04a920.71bع ر1 aعباس محمود العقاد10aرجال عرفتهم / cعباس محمود العقاد aكتابv0